| 000 | 00631nam a22002177a 4500 | ||
|---|---|---|---|
| 001 | 87661 | ||
| 003 | UA-OsUOA | ||
| 005 | 20211016141927.0 | ||
| 007 | ta | ||
| 008 | 20120920b un ||||| |||| 00| 0 ukr d | ||
| 040 |
_aUA-OsUOA _brus _cUA-OsUOA _dUA-OsUOA |
||
| 041 | _arus | ||
| 080 | _a94(47+57) | ||
| 090 |
_a94(47+57) _bИ89 |
||
| 245 |
_aИстория СССР: указатель советской литературы за 1917-1967 гг. _cотв. ред. Марковская Г. М. _n3 |
||
| 260 |
_aМ. _bНаука _c1977 |
||
| 300 | _a690 с. | ||
| 650 | 7 |
_a94 Історія _2UDC |
|
| 942 |
_cBK _2udc |
||
| 955 | _a1 | ||
| 999 |
_c374004 _d374004 |
||